000 00247nam a2200097Ia 4500
001 817710
005 20250826171739.0
008 250824s9999 xx 000 0 und d
245 0 _aALİ GEL VE MACERALARI
_cÖZKAN ÖZE
260 _bKAYALIPARK YAYINLARI
999 _c817710
_d817710